Diez nuevas competencias para enseñar: invitación al viaje

Na minha lista:
Detalhes bibliográficos
Autor principal: Perrenoud, Philippe (Author)
Formato: Livro
Idioma:espanhol
Publicado em: Barcelona Graó 2004
Edição:1a. ed
Colecção:Biblioteca de Aula; 196
Assuntos:
Tags: Adicionar Tag
Sem tags, seja o primeiro a adicionar uma tag!

MARC

LEADER 00000cam a2200000 a 4500
001 UCL8146
003 CL-VaPUC
008 040611e20040000SP |||||||||||||||||spa|d
020 |a 8478273212 
082 0 4 |a 370.13  |b PER  |2 21 
100 0 |a Perrenoud, Philippe  |e author  |9 222222 
245 1 0 |a Diez nuevas competencias para enseñar: invitación al viaje 
250 |a 1a. ed 
300 |a 168 p 
942 |c BK 
945 |d 20040611 00:00:00  |a cmena 
260 |a Barcelona  |b Graó  |c 2004 
650 0 |a Filosofía de la educación   |9 258384 
650 0 |a Valor de la educación  |9 472625 
650 0 |a Formación profesional de profesores  |9 307493 
650 0 |a Métodos de enseñanza  |9 270413 
650 0 |a Planificación de la educación   |9 307333 
650 0 |a Sociología de la educación   |9 260380 
583 |a last modification  |c 20160530 11:37:44  |k Rodrigo Vera 
490 0 |a Biblioteca de Aula; 196 
999 |c 309597  |d 309595 
952 |0 0  |1 0  |4 0  |6 370_130000000000000_PER_2004  |7 0  |8 A  |9 377126  |a BIBEDU  |b BIBEDU  |d 2019-11-21  |i 4025385  |o 370.13 PER 2004  |p 4025385  |r 2019-11-21  |w 2019-11-21  |y BK  |k EDU 
952 |0 0  |1 0  |4 0  |6 370_130000000000000_PER_2004  |7 0  |8 A  |9 377127  |a BIBEDU  |b BIBEDU  |d 2019-11-21  |i 4033140  |o 370.13 PER 2004  |p 4033140  |r 2019-11-21  |w 2019-11-21  |y BK  |k EBA 
952 |0 0  |1 0  |4 0  |6 370_130000000000000_PER_2004  |7 0  |8 A  |9 377128  |a BIBEDU  |b BIBEDU  |d 2019-11-21  |i 4065123  |o 370.13 PER 2004  |p 4065123  |r 2019-11-21  |w 2019-11-21  |y BK  |k PAR 
952 |0 0  |1 0  |4 0  |6 370_130000000000000_PER_2004  |7 0  |8 A  |9 377129  |a FDOPOS  |b FDOPOS  |d 2019-11-21  |i 4357000  |o 370.13 PER 2004  |p 4357000  |r 2023-08-09  |w 2019-11-21  |y BK  |k MLA 
952 |0 0  |1 0  |4 0  |6 370_130000000000000_PER_2004  |7 0  |8 A  |9 377130  |a BIBEDU  |b BIBEDU  |d 2019-11-21  |i 4372085  |o 370.13 PER 2004  |p 4372085  |r 2019-11-21  |w 2019-11-21  |y BK  |k PSI 
952 |0 0  |1 0  |3 erb  |4 0  |6 370_130000000000000_PER_2004  |7 0  |8 A  |9 377131  |a BIBEDU  |b BIBEDU  |i 5289351  |o 370.13 PER 2004  |p 5289351  |r 2019-11-21  |w 2019-11-21  |y BK  |z Catalogado en:20160603  |k EPE 
952 |0 0  |1 0  |3 erb  |4 0  |6 370_130000000000000_PER_2004  |7 0  |8 A  |9 377132  |a BIBHIS  |b BIBHIS  |i 5362393  |l 2  |o 370.13 PER 2004  |p 5362393  |r 2025-01-20  |s 2024-08-08  |w 2019-11-21  |y BK  |z Catalogado en:20170303  |k HIS 
952 |0 0  |1 0  |3 erb  |4 0  |6 370_130000000000000_PER_2004  |7 0  |8 A  |9 377133  |a BIBHIS  |b BIBHIS  |i 5362407  |o 370.13 PER 2004  |p 5362407  |r 2025-01-20  |w 2019-11-21  |y BK  |z Catalogado en:20170303  |k HIS 
952 |0 0  |1 0  |3 erb  |4 0  |6 370_130000000000000_PER_2004  |7 0  |8 A  |9 377135  |a BIBHIS  |b BIBHIS  |i 5561566  |o 370.13 PER 2004  |p 5561566  |r 2025-01-20  |w 2019-11-21  |y BK  |z Catalogado en:20191018  |k HIS